MMA - Combattants Français Par Images - Statistiques

Statistiques générales
  • Ce quiz a été pris 1 072 fois
  • Le résultat moyen est 12 sur 18
Statistiques - réponses
Par images Réponse % Correct
Baïssangour Chamsoudinov
99%
Cédric Doumbè
99%
Benoit Saint-Denis
98%
Ciryl Gane
98%
Jordan Zebo
81%
Nassourdine Imavov
79%
Gregory Bouchelaghem
76%
Salahdine Parnasse
75%
Manon Fiorot
69%
Morgan Charrière
62%
Fares Ziam
60%
William Gomis
59%
Taylor Lapilus
57%
Kévin Jousset
46%
Oumar Sy
45%
Abdoul Abdouraguimov
39%
Nora Cornolle
25%
Yanis Ghemmouri
25%
Aucun quiz correspondant
Distribution des résultats
% des personnes avec chaque résultat
Percentile par nombre de réponses
Votre historique - résultats
Vous n’avez pas pris ce quiz